Consumption and income inequalities in conditions of Slovakia
Výdavkové elasticity odhadnuté cez QAIDS. Identifikácia luxustných a nenahraditeľných produktov. Využitie databázy rozpočtov domácností na odhad systému dopytu.
Guardado en:
| Autor principal: | |
|---|---|
| Otros Autores: | |
| Formato: | Capítulo de libro |
| Lenguaje: | inglés |
| Materias: | |
| Etiquetas: |
Sin Etiquetas, Sea el primero en etiquetar este registro!
|
MARC
| LEADER | 00000naa$a2200000$$$4500 | ||
|---|---|---|---|
| 001 | 0215809 | ||
| 005 | 20240502073610.9 | ||
| 041 | 0 | |a eng | |
| 044 | |a SK | ||
| 245 | 1 | 0 | |a Consumption and income inequalities in conditions of Slovakia |c Brian König, Gabriela Dováľová |
| 520 | |a Výdavkové elasticity odhadnuté cez QAIDS. Identifikácia luxustných a nenahraditeľných produktov. Využitie databázy rozpočtov domácností na odhad systému dopytu. | ||
| 610 | 2 | 0 | |a príjmy domácností |
| 610 | 2 | 0 | |a spotreba domácností |
| 610 | 2 | 0 | |a nerovnosť dôchodková |
| 610 | 2 | 0 | |a pružnosť |
| 100 | 1 | |a König, Brian, 1983- | |
| 700 | 1 | |a Dováľová, Gabriela, 1982- | |